| 000 | 01189nam a2200301Ia 4500 | ||
|---|---|---|---|
| 001 | ebr10141070 | ||
| 003 | CaPaEBR | ||
| 006 | m u | ||
| 007 | cr cn||||||||| | ||
| 008 | 050520s2006 enk s 000 0 eng d | ||
| 020 | _z1854183540 | ||
| 040 |
_aCaPaEBR _cCaPaEBR |
||
| 035 | _a(OCoLC)253911337 | ||
| 050 | 1 | 4 |
_aHD2741 _b.M38 2006eb |
| 100 | 1 | _aMartin, David. | |
| 245 | 1 | 0 |
_aCorporate governance _h[electronic resource] : _bpractical guidance on accountability requirements / _cDavid Martin. |
| 260 |
_aLondon : _bThorogood, _cc2006. |
||
| 300 | _av, 135 p. | ||
| 490 | 1 | _aThorogood professional insights | |
| 500 | _aAt head of title: A specially commissioned report. | ||
| 533 |
_aElectronic reproduction. _bPalo Alto, Calif. : _cebrary, _d2009. _nAvailable via World Wide Web. _nAccess may be limited to ebrary affiliated libraries. |
||
| 650 | 0 | _aCorporate governance. | |
| 650 | 0 | _aDisclosure in accounting. | |
| 655 | 7 |
_aElectronic books. _2local |
|
| 710 | 2 | _aebrary, Inc. | |
| 830 | 0 | _aThorogood professional insights. | |
| 856 | 4 | 0 |
_uhttp://site.ebrary.com/lib/rucke/Doc?id=10141070 _zAn electronic book accessible through the World Wide Web; click to view |
| 999 |
_c186717 _d186717 |
||